Signals and Systems: (Record no. 592329)
[ view plain ]
| 000 -LEADER | |
|---|---|
| fixed length control field | 00778nam a22001457a 4500 |
| 003 - CONTROL NUMBER IDENTIFIER | |
| control field | NUST |
| 020 ## - INTERNATIONAL STANDARD BOOK NUMBER | |
| International Standard Book Number | 0-19-806679-1 |
| 082 ## - DEWEY DECIMAL CLASSIFICATION NUMBER | |
| Classification number | 621.3822, RAW |
| 100 ## - MAIN ENTRY--PERSONAL NAME | |
| Personal name | Rawat, Tarun |
| 9 (RLIN) | 102759 |
| 245 ## - TITLE STATEMENT | |
| Title | Signals and Systems: |
| Statement of responsibility, etc. | Tarun Rawat |
| 260 ## - PUBLICATION, DISTRIBUTION, ETC. | |
| Place of publication, distribution, etc. | India |
| Name of publisher, distributor, etc. | Oxford University Press |
| Date of publication, distribution, etc. | 2010 |
| 300 ## - PHYSICAL DESCRIPTION | |
| Extent | xviii, 890: pages |
| 505 ## - FORMATTED CONTENTS NOTE | |
| Formatted contents note | Introduction to Signals and Systems (Page-1), Convolution and Correlation (Page-97), Continuous Time Fourier Series (Page-162), Discrete Time Fourier Series (Page-225), Continuous Time Fourier Transform (Page-258), Discrete Time Fourier Transform (Page-352), Hilbert Transform (Page-441), Sampling (Page-480), Laplace Transform (Page-548), Z Transform (Page-678), State Space Analysis (Page-820), MATLAB Programs (Page-857). |
| 942 ## - ADDED ENTRY ELEMENTS (KOHA) | |
| Source of classification or shelving scheme | |
| Koha item type | Book |
| Withdrawn status | Lost status | Source of classification or shelving scheme | Damaged status | Not for loan | Permanent Location | Current Location | Shelving location | Date acquired | Full call number | Barcode | Date last seen | Price effective from | Koha item type | Public note |
|---|---|---|---|---|---|---|---|---|---|---|---|---|---|---|
| Military College of Signals (MCS) | Military College of Signals (MCS) | General Stacks | 11/17/2022 | 621.3822,RAW | MCS38271 | 11/17/2022 | 11/17/2022 | Book | Almirah Fresh No.45, Shelf No.4 |
